[Event "Peace River Active"]
[Site "Peace River CAN"]
[Date "1998.03.28"]
[Round "?"]
[White "Primester, Alex"]
[Black "Lefkowitz, Alex"]
[Result "1-0"]
[WhiteElo "1307"]
[BlackElo "1851"]
[PlyCount "95"]
[GameId "2160767911873624"]
[EventDate "1998.03.28"]
[EventType "tourn (rapid)"]
[EventRounds "4"]
[EventCountry "CAN"]
[SourceTitle "CFC 1998,06"]

1. e4 e6 2. d4 d5 3. exd5 exd5 4. Nf3 Bg4 5. Be2 Nd7 6. h3 Bxf3 7. Bxf3 c6 8. O-O Ngf6 9. b3 Bd6 10. Re1+ Be7 11. Bb2 O-O 12. Nc3 Re8 13. Ne2 Bd6 14. Qd2 Qc7 15. a3 Re7 16. b4 b5 17. Rad1 Rae8 18. g3 Ne4 19. Qd3 Ndf6 20. Nc3 Nxc3 21. Bxc3 Ne4 22. Bb2 Qd8 23. Re2 Ng5 24. Rxe7 Nxf3+ 25. Qxf3 Rxe7 26. Bc1 Qe8 27. Bd2 Re4 28. c3 a6 29. Kf1 Qe6 30. g4 h5 31. gxh5 Qe7 32. Qg2 Re6 33. h6 Rg6 34. Qf3 gxh6 35. Re1 Qd7 36. Qh5 Kh7 37. Ke2 Qe6+ 38. Kd1 Qf6 39. Qe2 Qe6 40. h4 Qxe2+ 41. Rxe2 Re6 42. h5 Rxe2 43. Kxe2 f5 44. f4 Kg7 45. Kf3 Kf6 46. Be3 Bc7 47. Bd2 Ke6 48. Be1 1-0

[Event "Pere Noel"]
[Site "Montreal CAN"]
[Date "1998.12.26"]
[Round "1"]
[White "Abouchakra, Khaled"]
[Black "Martin, Robert Bryan"]
[Result "0-1"]
[WhiteElo "1830"]
[BlackElo "1644"]
[PlyCount "60"]
[GameId "2160767911805999"]
[EventDate "1998.12.26"]
[EventType "swiss"]
[EventRounds "5"]
[EventCountry "CAN"]
[SourceTitle "EXT 2022"]
[Source "ChessBase"]
[SourceDate "2021.10.06"]
[SourceVersion "1"]
[SourceVersionDate "2021.10.06"]
[SourceQuality "1"]

1. d4 d5 2. Nf3 Nf6 3. c3 Bf5 4. Nh4 e6 5. Nxf5 exf5 6. Bg5 Nbd7 7. e3 Be7 8. Bd3 Ne4 9. Bxe7 Qxe7 10. O-O O-O 11. Nd2 c6 12. Re1 Qh4 13. Nxe4 fxe4 14. Be2 f5 15. g3 Qg5 16. c4 f4 17. exf4 Rxf4 18. Qd2 Raf8 19. Bf1 Qg6 20. Re2 Rf3 21. Qb4 Nf6 22. Bg2 Ng4 23. Rf1 R3f7 24. h3 Nf6 25. cxd5 cxd5 26. Qd6 Qh5 27. Rc2 Qg5 28. Qe6 Re8 29. Rc8 Kf8 30. Rfc1 Qxc1+ 0-1

[Event "Pere Noel"]
[Site "Montreal CAN"]
[Date "1998.12.26"]
[Round "1"]
[White "Khassanov, Marat"]
[Black "Boulay, David"]
[Result "1/2-1/2"]
[WhiteElo "2456"]
[BlackElo "2030"]
[PlyCount "55"]
[GameId "2160767911806001"]
[EventDate "1998.12.26"]
[EventType "swiss"]
[EventRounds "5"]
[EventCountry "CAN"]
[SourceTitle "EXT 2022"]
[Source "ChessBase"]
[SourceDate "2021.10.06"]
[SourceVersion "1"]
[SourceVersionDate "2021.10.06"]
[SourceQuality "1"]

1. e4 c5 2. Ne2 d6 3. c4 e5 4. Nbc3 Nf6 5. g3 g6 6. Bg2 Nc6 7. O-O Bg7 8. d3 O-O 9. h3 a6 10. f4 Rb8 11. f5 b5 12. g4 Nd7 13. Nd5 f6 14. h4 Nd4 15. Rb1 a5 16. Be3 Ba6 17. cxb5 Bxb5 18. Qd2 Rf7 19. Bh3 Nxe2+ 20. Qxe2 g5 21. hxg5 fxg5 22. a3 h6 23. b4 Qc8 24. Rfc1 axb4 25. axb4 Bf8 26. Bf1 Bc6 27. Qa2 Ra8 28. Qc2 1/2-1/2

[Event "Pere Noel"]
[Site "Montreal CAN"]
[Date "1998.12.26"]
[Round "1"]
[White "Morin, Louis"]
[Black "McDonough, Jonathan"]
[Result "1/2-1/2"]
[WhiteElo "1844"]
[BlackElo "1927"]
[PlyCount "101"]
[GameId "2160767911806002"]
[EventDate "1998.12.26"]
[EventType "swiss"]
[EventRounds "5"]
[EventCountry "CAN"]
[SourceTitle "hb 2013"]

1. e4 Nf6 2. Nc3 d5 3. e5 d4 4. exf6 dxc3 5. fxg7 cxd2+ 6. Qxd2 Qxd2+ 7. Bxd2 Bxg7 8. O-O-O Bf5 9. Ne2 Nd7 10. Bc3 Rg8 11. Nd4 Bg6 12. Nb5 Bxc3 13. Nxc7+ Kd8 14. Nxa8 Be5 15. Bb5 Bf5 16. g3 Kc8 17. Rhe1 Bd6 18. Rxd6 exd6 19. Re7 Rf8 20. Bc4 Kb8 21. Bb5 Kc8 22. Bc4 Kd8 23. Re3 Ne5 24. Bd5 Nc6 25. Bxc6 bxc6 26. Ra3 Kc8 27. Rxa7 Kd8 28. Ra5 Bg6 29. Nb6 Kc7 30. Nc4 d5 31. Ne5 Kd6 32. f4 f6 33. Nxg6 hxg6 34. Ra3 g5 35. Rf3 g4 36. Re3 Rh8 37. Re2 Ra8 38. Kb1 c5 39. b3 Rb8 40. Kb2 Rh8 41. c3 Ra8 42. a3 d4 43. c4 Rb8 44. Ka2 Ra8 45. a4 Rh8 46. Ka3 Rb8 47. a5 Ra8 48. Ka4 Rd8 49. a6 Kc6 50. Re6+ Kd7 51. Re2 1/2-1/2

[Event "Pere Noel"]
[Site "Montreal CAN"]
[Date "1998.12.26"]
[Round "1"]
[White "Rodriguez, Herver"]
[Black "Mikanovic, Goran"]
[Result "0-1"]
[WhiteElo "1962"]
[BlackElo "2378"]
[PlyCount "81"]
[GameId "2160767911806003"]
[EventDate "1998.12.26"]
[EventType "swiss"]
[EventRounds "5"]
[EventCountry "CAN"]
[SourceTitle "EXT 2022"]
[Source "ChessBase"]
[SourceDate "2021.10.06"]
[SourceVersion "1"]
[SourceVersionDate "2021.10.06"]
[SourceQuality "1"]

1. e4 c5 2. Nf3 e6 3. d4 cxd4 4. Nxd4 a6 5. Nc3 b5 6. Be3 Bb7 7. Bd3 Qc7 8. Qe2 Nf6 9. f3 Bb4 10. Qd2 d5 11. a3 Bxc3 12. bxc3 dxe4 13. fxe4 Nxe4 14. Bxe4 Bxe4 15. O-O O-O 16. a4 bxa4 17. Rxa4 Bg6 18. Qe1 Nd7 19. Nf3 Bxc2 20. Rh4 e5 21. Rh5 Bg6 22. Rg5 f6 23. Rg4 Rac8 24. Bd2 Nc5 25. Nh4 Bh5 26. Rg3 Kh8 27. Nf5 Bg6 28. Nh4 Bd3 29. Rff3 Bc4 30. Rf1 Qd7 31. Qf2 Nd3 32. Qe2 f5 33. Rg5 Nf4 34. Bxf4 exf4 35. Qh5 Kg8 36. Rd1 Qa7+ 37. Kh1 Rfd8 38. Rf1 Qf7 39. Qxf7+ Kxf7 40. Nxf5 Kf6 41. Rh5 0-1

[Event "Pere Noel"]
[Site "Montreal CAN"]
[Date "1998.12.26"]
[Round "1"]
[White "Voskanyan, Vahagn"]
[Black "Destree, Frederic"]
[Result "1-0"]
[WhiteElo "2365"]
[BlackElo "1960"]
[PlyCount "75"]
[GameId "2160767911806004"]
[EventDate "1998.12.26"]
[EventType "swiss"]
[EventRounds "5"]
[EventCountry "CAN"]
[SourceTitle "EXT 2022"]
[Source "ChessBase"]
[SourceDate "2021.10.06"]
[SourceVersion "1"]
[SourceVersionDate "2021.10.06"]
[SourceQuality "1"]

1. Nf3 Nf6 2. d4 d5 3. Bf4 e6 4. e3 Nc6 5. c4 Be7 6. Nc3 O-O 7. Rc1 a6 8. a3 Bd7 9. cxd5 exd5 10. Bd3 Rc8 11. Ne5 Bd6 12. Qf3 Re8 13. Nxd7 Qxd7 14. O-O Bxf4 15. Qxf4 Ne7 16. h3 Nh5 17. Qf3 g6 18. e4 dxe4 19. Bxe4 Qxd4 20. Bxb7 Rb8 21. b4 Qb6 22. Bd5 Qf6 23. Qg4 Nxd5 24. Nxd5 Qb2 25. Qf3 a5 26. Rxc7 f5 27. Ne7+ Kf8 28. Nc6 Rbc8 29. Rxc8 Rxc8 30. Qd5 Rxc6 31. Qxc6 axb4 32. Qc5+ Kf7 33. Qxb4 Qxb4 34. axb4 Ke6 35. Rd1 Nf4 36. b5 Ne2+ 37. Kf1 Nc3 38. b6 1-0

[Event "Pere Noel"]
[Site "Montreal CAN"]
[Date "1998.12.27"]
[Round "2"]
[White "Gravel, Simon M"]
[Black "Voskanyan, Vahagn"]
[Result "0-1"]
[WhiteElo "2101"]
[BlackElo "2345"]
[PlyCount "70"]
[GameId "2160767911806005"]
[EventDate "1998.12.26"]
[EventType "swiss"]
[EventRounds "5"]
[EventCountry "CAN"]
[SourceTitle "EXT 2022"]
[Source "ChessBase"]
[SourceDate "2021.10.06"]
[SourceVersion "1"]
[SourceVersionDate "2021.10.06"]
[SourceQuality "1"]

1. d4 Nf6 2. c4 e6 3. Nc3 d5 4. Bg5 Nbd7 5. e3 Be7 6. Nf3 O-O 7. Qc2 c6 8. Rd1 Re8 9. a3 dxc4 10. Bxc4 Nd5 11. Bxe7 Qxe7 12. O-O Nxc3 13. Qxc3 b6 14. Rfe1 Bb7 15. e4 c5 16. d5 exd5 17. Bxd5 Bxd5 18. Rxd5 Nf6 19. Re5 Qd7 20. Rg5 Re6 21. Nh4 Rd8 22. Nf5 g6 23. e5 Qd2 24. f4 Qxf4 25. Nh6+ Kf8 26. Rg3 Qxh6 27. exf6 Qd2 28. Rge3 Qxc3 29. bxc3 Rxf6 30. Re7 Rd2 31. R7e2 Rxe2 32. Rxe2 Re6 33. Rd2 Re1+ 34. Kf2 Ra1 35. Rd8+ Ke7 0-1

[Event "Pere Noel"]
[Site "Montreal CAN"]
[Date "1998.12.27"]
[Round "2"]
[White "Martin, Robert Bryan"]
[Black "Feoktistov, Dmitri"]
[Result "0-1"]
[WhiteElo "1644"]
[BlackElo "1964"]
[PlyCount "92"]
[GameId "2160767911806007"]
[EventDate "1998.12.26"]
[EventType "swiss"]
[EventRounds "5"]
[EventCountry "CAN"]
[SourceTitle "EXT 2022"]
[Source "ChessBase"]
[SourceDate "2021.10.06"]
[SourceVersion "1"]
[SourceVersionDate "2021.10.06"]
[SourceQuality "1"]

1. e4 c6 2. d4 d5 3. Nc3 dxe4 4. Nxe4 Bf5 5. Ng3 Bg6 6. Nf3 Nd7 7. Bd3 Bxd3 8. Qxd3 Qc7 9. O-O Ngf6 10. Re1 e6 11. Bg5 h6 12. Bd2 Bd6 13. Nf5 O-O-O 14. Nxd6+ Qxd6 15. b4 g5 16. b5 g4 17. bxc6 gxf3 18. cxd7+ Qxd7 19. Qxf3 Nd5 20. c4 Nb6 21. Be3 Kb8 22. Rec1 Rc8 23. c5 Nd5 24. a4 Ka8 25. a5 a6 26. Rab1 f5 27. Bf4 Rh7 28. Be5 Qc6 29. Rb3 Rg8 30. Rcb1 h5 31. g3 h4 32. Qe2 h3 33. f4 Ka7 34. Qf3 Qa4 35. Ra3 Qc2 36. Rab3 Rc8 37. R1b2 Qc1+ 38. Qf1 Qxf1+ 39. Kxf1 Rd7 40. Kf2 Ne7 41. Rb6 Nc6 42. Rd2 Re8 43. Rdb2 Nxa5 44. Re2 Nc6 45. Ke3 Red8 46. Bd6 Rxd6 0-1

[Event "Pere Noel"]
[Site "Montreal CAN"]
[Date "1998.12.27"]
[Round "2"]
[White "Mikanovic, Goran"]
[Black "Larochelle, Martial"]
[Result "0-1"]
[WhiteElo "2378"]
[BlackElo "2116"]
[PlyCount "120"]
[GameId "2160767911806008"]
[EventDate "1998.12.26"]
[EventType "swiss"]
[EventRounds "5"]
[EventCountry "CAN"]
[SourceTitle "EXT 2022"]
[Source "ChessBase"]
[SourceDate "2021.10.06"]
[SourceVersion "1"]
[SourceVersionDate "2021.10.06"]
[SourceQuality "1"]

1. d4 d5 2. c4 Nc6 3. Nc3 Nf6 4. cxd5 Nxd5 5. e4 Nxc3 6. bxc3 e5 7. d5 Nb8 8. Nf3 Nd7 9. Bb5 Bd6 10. O-O O-O 11. Bg5 Nf6 12. Nd2 h6 13. Bh4 Qe7 14. Re1 a6 15. Ba4 b5 16. Bc2 Bb7 17. Nf1 Bc8 18. Ne3 g5 19. Bg3 Bc5 20. Nf5 Bxf5 21. exf5 e4 22. h4 Rad8 23. hxg5 hxg5 24. Bb3 Rfe8 25. Qe2 Nxd5 26. Qh5 Qf6 27. Rad1 Qxf5 28. Bxd5 Rxd5 29. Rxd5 Qxd5 30. Bf4 c6 31. Rd1 Qf5 32. Qxg5+ Qxg5 33. Bxg5 e3 34. fxe3 Bxe3+ 35. Bxe3 Rxe3 36. Rd8+ Kg7 37. Ra8 Rxc3 38. Rxa6 b4 39. Rb6 c5 40. Rc6 Rc2 41. Kh2 c4 42. Rb6 Rb2 43. Rc6 c3 44. a3 bxa3 45. Rxc3 a2 46. Ra3 Kf6 47. Ra5 Ke6 48. Kh3 Kd6 49. g4 Kc6 50. Kh4 Kb6 51. Ra8 Kc5 52. Kg5 Rf2 53. Kh6 Rg2 54. Kg5 Kb4 55. Kf6 Kb3 56. g5 Kb2 57. Rb8+ Kc1 58. Ra8 Kb1 59. Rb8+ Rb2 60. Ra8 Rf2+ 0-1

[Event "Pere Noel"]
[Site "Montreal CAN"]
[Date "1998.12.27"]
[Round "2"]
[White "Morin, Louis"]
[Black "Cloutier, Mario"]
[Result "1-0"]
[WhiteElo "1844"]
[BlackElo "1651"]
[PlyCount "91"]
[GameId "2160767911806009"]
[EventDate "1998.12.26"]
[EventType "swiss"]
[EventRounds "5"]
[EventCountry "CAN"]
[SourceTitle "hb 2013"]

1. e4 e5 2. Nf3 Nc6 3. Bb5 a6 4. Bxc6 dxc6 5. O-O f6 6. d4 Bg4 7. dxe5 Qxd1 8. Rxd1 fxe5 9. Rd3 Bd6 10. Bg5 Nf6 11. Nbd2 O-O 12. h3 Bh5 13. Re1 Bg6 14. Nh4 Bf7 15. Bxf6 gxf6 16. Nf5 Rad8 17. Nh6+ Kg7 18. Nxf7 Rxf7 19. g4 Rfd7 20. Re2 Bc5 21. Rxd7+ Rxd7 22. Kg2 b5 23. Nf3 Bb6 24. Rd2 Rxd2 25. Nxd2 Kf7 26. Nf1 Kg6 27. Kf3 Kf7 28. Ne3 Bxe3 29. Kxe3 c5 30. f4 exf4+ 31. Kxf4 Kg6 32. h4 a5 33. h5+ Kf7 34. Kf5 c4 35. c3 c5 36. a3 b4 37. e5 fxe5 38. Kxe5 h6 39. Kf5 b3 40. a4 Kg7 41. Ke6 Kg8 42. Kf6 Kh7 43. Kf7 Kh8 44. Kg6 Kg8 45. Kxh6 Kf7 46. Kg5 1-0

[Event "Pere Noel"]
[Site "Montreal CAN"]
[Date "1998.12.28"]
[Round "3"]
[White "Feoktistov, Dmitri"]
[Black "Morin, Louis"]
[Result "1-0"]
[WhiteElo "1954"]
[BlackElo "1844"]
[PlyCount "81"]
[GameId "2160767911806012"]
[EventDate "1998.12.26"]
[EventType "swiss"]
[EventRounds "5"]
[EventCountry "CAN"]
[SourceTitle "hb 2013"]

1. d4 d5 2. Nf3 Nf6 3. c4 e6 4. Bg5 Nbd7 5. Nc3 Be7 6. e3 O-O 7. Bd3 a6 8. c5 b6 9. b4 bxc5 10. bxc5 c6 11. Qc2 h6 12. Bh4 a5 13. Qe2 a4 14. O-O Qa5 15. Rfc1 Ba6 16. Ne5 Bxd3 17. Qxd3 Qc7 18. Nxd7 Qxd7 19. Rab1 a3 20. Bg3 Nh5 21. Qd1 Nxg3 22. hxg3 Rfb8 23. Rb3 Rxb3 24. Qxb3 Qa7 25. Rb1 e5 26. Qb6 exd4 27. exd4 Bf6 28. Qxc6 Bxd4 29. Nb5 Qb8 30. Rd1 Bxf2+ 31. Kxf2 Ra5 32. Rb1 Qe5 33. Qc8+ Kh7 34. Qg4 Ra4 35. Qxa4 Qe4 36. Kg1 Qxb1+ 37. Kh2 Qxa2 38. c6 Qe2 39. Nxa3 Qh5+ 40. Qh4 Qe5 41. Nb5 1-0

[Event "Pere Noel"]
[Site "Montreal CAN"]
[Date "1998.12.28"]
[Round "3"]
[White "Laframboise, Marc-Andre"]
[Black "Martin, Robert Bryan"]
[Result "1-0"]
[WhiteElo "1826"]
[BlackElo "1644"]
[PlyCount "57"]
[GameId "2160767911806013"]
[EventDate "1998.12.26"]
[EventType "swiss"]
[EventRounds "5"]
[EventCountry "CAN"]
[SourceTitle "EXT 2022"]
[Source "ChessBase"]
[SourceDate "2021.10.06"]
[SourceVersion "1"]
[SourceVersionDate "2021.10.06"]
[SourceQuality "1"]

1. d4 d5 2. c4 e5 3. dxe5 d4 4. Nf3 Nc6 5. g3 Bb4+ 6. Bd2 Bc5 7. Bg2 Nge7 8. a3 a5 9. O-O Be6 10. Bg5 Qd7 11. Nbd2 Ng6 12. b4 axb4 13. Nb3 Bb6 14. axb4 Rxa1 15. Qxa1 Bxc4 16. Nfxd4 O-O 17. Nxc6 bxc6 18. Nc5 Qf5 19. Be3 Bxe2 20. Re1 Bf3 21. Bd4 Bxg2 22. Kxg2 h5 23. Nb3 h4 24. Qc3 h3+ 25. Kg1 Qe6 26. f4 Qd5 27. Re2 Rd8 28. Bxb6 cxb6 29. Rd2 1-0

[Event "Pere Noel"]
[Site "Montreal CAN"]
[Date "1998.12.29"]
[Round "4"]
[White "Martin, Robert Bryan"]
[Black "Nelson, Jason"]
[Result "0-1"]
[WhiteElo "1644"]
[BlackElo "1673"]
[PlyCount "54"]
[GameId "2160767911806016"]
[EventDate "1998.12.26"]
[EventType "swiss"]
[EventRounds "5"]
[EventCountry "CAN"]
[SourceTitle "EXT 2022"]
[Source "ChessBase"]
[SourceDate "2021.10.06"]
[SourceVersion "1"]
[SourceVersionDate "2021.10.06"]
[SourceQuality "1"]

1. e4 c5 2. b4 cxb4 3. a3 d5 4. exd5 Qxd5 5. Nf3 Bg4 6. Be2 e6 7. axb4 Bxb4 8. Na3 Nf6 9. Nb5 Qd8 10. Bb2 Nbd7 11. Ne5 Bxe2 12. Qxe2 O-O 13. O-O Be7 14. Rfe1 a6 15. Na3 Nxe5 16. Bxe5 Nd7 17. d4 Nxe5 18. Qxe5 Bf6 19. Qe4 Qxd4 20. Qxb7 Qxa1 21. Rxa1 Bxa1 22. Kf1 a5 23. Nc4 Bd4 24. f4 a4 25. Qe4 Bf6 26. Nb6 a3 27. Nd7 a2 0-1

[Event "Pere Noel"]
[Site "Montreal CAN"]
[Date "1998.12.29"]
[Round "4"]
[White "Morin, Louis"]
[Black "Khaziyeva, Dinara"]
[Result "1-0"]
[WhiteElo "1844"]
[BlackElo "1689"]
[PlyCount "135"]
[GameId "2160767911806018"]
[EventDate "1998.12.26"]
[EventType "swiss"]
[EventRounds "5"]
[EventCountry "CAN"]
[SourceTitle "hb 2013"]

1. e4 c5 2. d4 cxd4 3. c3 Nf6 4. e5 Nd5 5. Qxd4 e6 6. Bc4 Nc6 7. Qe4 f5 8. Qe2 Nde7 9. Nf3 Ng6 10. O-O Qc7 11. Re1 h6 12. g4 fxg4 13. Qe4 Ncxe5 14. Nxe5 Nxe5 15. Qxe5 Qxc4 16. Qh5+ Kd8 17. Bg5+ Kc7 18. Nd2 Qc6 19. Bf4+ Bd6 20. Bxd6+ Qxd6 21. Ne4 Qf4 22. Qc5+ Kd8 23. Nd6 b6 24. Re4 Qxe4 25. Nf7+ Ke8 26. Nd6+ Kf8 27. Qc7 Bb7 28. Nxe4 Bxe4 29. Qxd7 Bd5 30. b3 Kg8 31. c4 Bf3 32. Qxe6+ Kh7 33. Qf5+ Kg8 34. Qe6+ Kh7 35. Qf5+ Kg8 36. Re1 Rd8 37. Qe6+ Kh7 38. Qf5+ Kg8 39. Qg6 h5 40. Qg5 Kh7 41. h4 gxh3 42. Qf5+ Kg8 43. Qxf3 h2+ 44. Kxh2 Rh6 45. Re7 Rg6 46. Qf7+ Kh7 47. Rd7 Rc8 48. Rd5 Rcc6 49. Rxh5+ Rh6 50. Rxh6+ Rxh6+ 51. Kg2 a5 52. Kf1 Rf6 53. Qh5+ Rh6 54. Qf5+ Kg8 55. Ke2 Rf6 56. Qd7 Kh7 57. Ke3 Rh6 58. Kd4 Rf6 59. Qh3+ Kg8 60. Qe3 Rd6+ 61. Ke5 Rd8 62. Qxb6 Re8+ 63. Qe6+ Kf8 64. Qxe8+ Kxe8 65. Kd6 Kd8 66. Kc6 g5 67. Kb7 g4 68. c5 1-0

[Event "Pere Noel"]
[Site "Montreal CAN"]
[Date "1998.12.29"]
[Round "4"]
[White "Voskanyan, Vahagn"]
[Black "Fillion, Steve"]
[Result "1-0"]
[WhiteElo "2365"]
[BlackElo "2187"]
[PlyCount "126"]
[GameId "2160767911806019"]
[EventDate "1998.12.26"]
[EventType "swiss"]
[EventRounds "5"]
[EventCountry "CAN"]
[SourceTitle "EXT 2022"]
[Source "ChessBase"]
[SourceDate "2021.10.06"]
[SourceVersion "1"]
[SourceVersionDate "2021.10.06"]
[SourceQuality "1"]

1. Nf3 Nf6 2. c4 c6 3. b3 d5 4. Bb2 Bf5 5. e3 e6 6. Be2 h6 7. Nc3 Nbd7 8. d4 Bd6 9. h3 Ne4 10. Nxe4 Bxe4 11. O-O O-O 12. Nd2 Bh7 13. f4 c5 14. Nf3 dxc4 15. Bxc4 Nb6 16. Bd3 Bxd3 17. Qxd3 Qe7 18. Rac1 Rac8 19. Nd2 cxd4 20. Qxd4 f6 21. Ne4 Ba3 22. Bxa3 Qxa3 23. Qd6 Qxd6 24. Nxd6 Rb8 25. e4 Rfd8 26. e5 Nd5 27. a4 Nxf4 28. Rxf4 fxe5 29. Rf7 Rxd6 30. Rcc7 Rd1+ 31. Kh2 e4 32. Rxg7+ Kf8 33. Rcf7+ Ke8 34. Rf4 Rbd8 35. Rxe4 R8d7 36. Rxe6+ Kf8 37. Rg4 R1d6 38. Rf4+ Kg8 39. Rg4+ Kf8 40. Re5 Rf6 41. a5 b6 42. axb6 Rxb6 43. b4 Rdb7 44. Rf5+ Rf7 45. Rc5 Rfb7 46. Rgc4 Kf7 47. Kg1 Rf6 48. Rc8 Rfb6 49. Rh8 Rxb4 50. Rxb4 Rxb4 51. Rxh6 a5 52. Ra6 a4 53. Kf2 Rh4 54. Kg3 Rb4 55. h4 Kg7 56. Kh3 Rb3+ 57. g3 a3 58. h5 Kh7 59. Kh4 Rc3 60. g4 Rb3 61. Ra7+ Kg8 62. h6 Rc3 63. Kh5 Rh3+ 1-0

[Event "Pere Noel"]
[Site "Montreal CAN"]
[Date "1998.12.30"]
[Round "5"]
[White "Fortin, Marc"]
[Black "Cormos, Eugene"]
[Result "1-0"]
[WhiteElo "1945"]
[BlackElo "2116"]
[PlyCount "86"]
[GameId "2160767911806021"]
[EventDate "1998.12.26"]
[EventType "swiss"]
[EventRounds "5"]
[EventCountry "CAN"]
[SourceTitle "EXT 2022"]
[Source "ChessBase"]
[SourceDate "2021.10.06"]
[SourceVersion "1"]
[SourceVersionDate "2021.10.06"]
[SourceQuality "1"]

1. e4 e5 2. Nf3 Nc6 3. Bc4 Bc5 4. c3 Nf6 5. d4 exd4 6. cxd4 Bb4+ 7. Bd2 Qe7 8. e5 d5 9. Bb5 O-O 10. Bxc6 bxc6 11. Bxb4 Qxb4+ 12. Qd2 Qxd2+ 13. Nbxd2 Nd7 14. Rc1 c5 15. dxc5 Re8 16. O-O Rb8 17. Nb3 Nxe5 18. Nxe5 Rxe5 19. Rfe1 Rxe1+ 20. Rxe1 Kf8 21. f3 Ba6 22. c6 Bc4 23. Nc5 Rd8 24. Nd7+ Kg8 25. a4 f6 26. Nc5 Rd6 27. Re6 Rxe6 28. Nxe6 Bb3 29. Nxc7 Bxa4 30. Nxd5 Kf7 31. c7 Bd7 32. Nc3 Ke6 33. Nb5 Bc8 34. Nxa7 Kd7 35. Nxc8 Kxc8 36. Kf2 Kxc7 37. Ke3 Kc6 38. Kd4 g6 39. Kc4 h5 40. g3 g5 41. f4 h4 42. fxg5 fxg5 43. gxh4 gxh4 1-0

[Event "Pere Noel"]
[Site "Montreal CAN"]
[Date "1998.12.30"]
[Round "5"]
[White "Larochelle, Martial"]
[Black "Voskanyan, Vahagn"]
[Result "0-1"]
[WhiteElo "2116"]
[BlackElo "2345"]
[PlyCount "108"]
[GameId "2160767911806022"]
[EventDate "1998.12.26"]
[EventType "swiss"]
[EventRounds "5"]
[EventCountry "CAN"]
[SourceTitle "EXT 2022"]
[Source "ChessBase"]
[SourceDate "2021.10.06"]
[SourceVersion "1"]
[SourceVersionDate "2021.10.06"]
[SourceQuality "1"]

1. e4 c5 2. Nc3 e6 3. Nf3 a6 4. g3 b5 5. Bg2 Bb7 6. d3 d6 7. O-O Nf6 8. Nh4 Qc7 9. f4 Be7 10. a3 Nbd7 11. Bd2 Nb6 12. Qe2 O-O 13. f5 e5 14. g4 h6 15. g5 hxg5 16. Bxg5 Rfd8 17. Nf3 d5 18. exd5 Nbxd5 19. Nxe5 Nxc3 20. bxc3 Bxg2 21. Kxg2 Nd5 22. Bd2 Bf6 23. Ng4 Bxc3 24. Bxc3 Nxc3 25. Qe1 Nd5 26. Qh4 Qc6 27. Rf3 Re8 28. Raf1 Ne3+ 29. Nxe3 Rxe3 30. f6 Rxf3 31. Rxf3 Re8 32. Qg4 g6 33. Qf4 Re2+ 34. Kf1 Re6 35. Kf2 Qd6 36. h4 Qxf4 37. Rxf4 Kf8 38. h5 gxh5 39. Rf5 Rc6 40. Kg3 Ke8 41. Rxh5 c4 42. Re5+ Kd8 43. dxc4 Rxc4 44. Re7 Rc7 45. Re4 Rxc2 46. Re3 Rc6 47. Rf3 Kd7 48. Kg4 Ke6 49. Kg5 Rc5+ 50. Kh6 Rf5 51. Rc3 Rxf6+ 52. Kg7 Rf4 53. Rc6+ Kd5 54. Rxa6 Ra4 0-1

[Event "Pere Noel"]
[Site "Montreal CAN"]
[Date "1998.12.30"]
[Round "5"]
[White "Marsolais, Frederic"]
[Black "Morin, Louis"]
[Result "0-1"]
[WhiteElo "1809"]
[BlackElo "1844"]
[PlyCount "56"]
[GameId "2160767911806023"]
[EventDate "1998.12.26"]
[EventType "swiss"]
[EventRounds "5"]
[EventCountry "CAN"]
[SourceTitle "hb 2013"]

1. e4 c5 2. Nf3 e6 3. d4 cxd4 4. Nxd4 Nf6 5. Nc3 Nc6 6. Be2 Bb4 7. Ndb5 Nxe4 8. a3 Nxc3 9. bxc3 Be7 10. Nd6+ Bxd6 11. Qxd6 Qe7 12. Qg3 O-O 13. O-O d5 14. a4 Rd8 15. Ba3 Qf6 16. Rab1 Qg6 17. Qc7 e5 18. Bd3 Qe6 19. f4 Rd7 20. f5 Qe8 21. Qxd7 Qxd7 22. f6 e4 23. Be2 Qe6 24. fxg7 Qe5 25. c4 Nd4 26. Bd1 e3 27. Bf3 e2 28. Rfe1 Qe3+ 0-1

[Event "Pere Noel"]
[Site "Montreal CAN"]
[Date "1998.12.30"]
[Round "5"]
[White "Mikanovic, Goran"]
[Black "Leriche, Felix"]
[Result "1-0"]
[WhiteElo "2378"]
[BlackElo "2185"]
[PlyCount "52"]
[GameId "2160767911806024"]
[EventDate "1998.12.26"]
[EventType "swiss"]
[EventRounds "5"]
[EventCountry "CAN"]
[SourceTitle "EXT 2022"]
[Source "ChessBase"]
[SourceDate "2021.10.06"]
[SourceVersion "1"]
[SourceVersionDate "2021.10.06"]
[SourceQuality "1"]

1. d4 d5 2. c4 c6 3. Nf3 e6 4. g3 dxc4 5. Bg2 b5 6. O-O Bb7 7. a4 a6 8. Nc3 Nf6 9. Bg5 Be7 10. Ne5 Qc7 11. e3 Qb6 12. Ne4 Nxe4 13. Bxe7 Kxe7 14. Bxe4 f6 15. Qg4 Kf8 16. f4 Bc8 17. Qh4 Ra7 18. Ng6+ hxg6 19. Qxh8+ Kf7 20. Qxc8 f5 21. Bg2 Re7 22. axb5 Re8 23. Rxa6 Nxa6 24. Qxa6 Qxb5 25. Qxc6 Qxb2 26. Qxc4 Kg8 1-0

[Event "Quebec op"]
[Site "Montreal CAN"]
[Date "1998.07.25"]
[Round "1"]
[White "Acosta, Mariano"]
[Black "Wolrich, Charles"]
[Result "0-1"]
[WhiteElo "2249"]
[BlackElo "2135"]
[PlyCount "138"]
[GameId "2160767911872403"]
[EventDate "1998.07.25"]
[EventType "swiss"]
[EventRounds "9"]
[EventCountry "CAN"]
[SourceTitle "EXT 2022"]
[Source "ChessBase"]
[SourceDate "2021.10.06"]
[SourceVersion "1"]
[SourceVersionDate "2021.10.06"]
[SourceQuality "1"]

1. d4 Nf6 2. Bg5 g6 3. Bxf6 exf6 4. e3 Bg7 5. Nd2 O-O 6. h4 d5 7. h5 c5 8. hxg6 fxg6 9. c3 f5 10. Ngf3 f4 11. exf4 cxd4 12. Nxd4 Rxf4 13. g3 Rf7 14. Bg2 Re7+ 15. Ne2 d4 16. O-O Nc6 17. Re1 dxc3 18. Nxc3 Rxe1+ 19. Qxe1 Bf5 20. Nf3 Qb6 21. Qe2 Rd8 22. Re1 Qc5 23. Nh4 Bd3 24. Qe6+ Kh8 25. Ne4 Qc4 26. Qxc4 Bxc4 27. b3 Bg8 28. Nc5 Nb4 29. Bxb7 Nxa2 30. Kg2 Bd4 31. Ne6 Re8 32. Bd5 Nb4 33. Bc4 Bf6 34. Nf3 Nc6 35. g4 Bxe6 36. Bb5 Bd7 37. Rd1 Re7 38. g5 Bc3 39. Rxd7 Rxd7 40. Bxc6 Rc7 41. Bd5 Rc5 42. Bc4 Bg7 43. Nd4 Rxg5+ 44. Kf3 h5 45. Ne6 Rg4 46. Nf4 Bh6 47. Ne2 Rg5 48. Ke4 h4 49. f4 Rg2 50. Kf3 Rh2 51. Kg4 Kg7 52. Nd4 Kf6 53. Nb5 a5 54. Nc3 Rg2+ 55. Kxh4 Bxf4 56. Nd5+ Ke5 57. Ne7 Kd6 58. Nd5 g5+ 59. Kh5 Kc5 60. Nc3 Kd4 61. Nb5+ Ke3 62. Kg6 Rc2 63. Kh5 Kd2 64. Kg4 Kc1 65. Nd4 Rd2 66. Ne2+ Kb2 67. Nxf4 gxf4 68. Kxf4 Kc3 69. Ke3 Rb2 0-1